Ángulos agudos - Estadísticas

Estadísticas generales
  • Esta prueba ha sido intentada 27 veces
  • La puntuación promedio es 4 de 9
Estadísticas de respuestas
Imagen Respuesta % Correcto
10º
100%
12º
100%
14º
100%
15º
100%
22º
100%
24º
100%
26º
100%
30º
100%
32º
100%
42º
100%
59º
100%
61º
100%
68º
100%
72º
100%
77º
100%
79º
100%
83º
100%
86º
100%
88º
100%
89º
100%
17º
80%
19º
67%
90º
67%
18º
50%
36º
50%
37º
50%
45º
50%
48º
50%
67º
50%
73º
50%
84º
50%
87º
50%
11º
40%
34º
33%
38º
33%
43º
33%
56º
33%
66º
33%
80º
33%
39º
25%
60º
25%
13º
0%
16º
0%
20º
0%
21º
0%
23º
0%
25º
0%
27º
0%
28º
0%
29º
0%
31º
0%
33º
0%
35º
0%
40º
0%
41º
0%
44º
0%
46º
0%
47º
0%
49º
0%
50º
0%
51º
0%
52º
0%
53º
0%
54º
0%
55º
0%
57º
0%
58º
0%
62º
0%
63º
0%
64º
0%
65º
0%
69º
0%
70º
0%
71º
0%
74º
0%
75º
0%
76º
0%
78º
0%
81º
0%
82º
0%
85º
0%
No se encontraron pruebas coincidentes
Distribución de puntuación
Porcentaje de gente con cada puntuación
Porcentaje por número respondido
Historial de tus puntuaciones
No has intentado esta prueba.